00466nam a2200181Ia 4500003000400000005001700004008004100021040000700062041000900069082001600078100005700094245006200151260002000213300001100233365001000244650001500254650001500269OSt20250915163432.0210719s1968 xx 000 0 und d cAL aTulu aT894.2 TAIK aK. N. Tailor dಕೆ.ಎನ್. ಟೇಲರ್  aKallda deverbಕಲ್ಲ್ ದ ದೇವೆರ್ aMangaluruc1968 a57bPB b1cRs aTulu Drama aTulu Drama